[Event "World-ch Anand-Gelfand playoff +1-0=3"]
[Site "Moscow"]
[Date "2012.05.30"]
[Round "3"]
[White "Gelfand, Boris"]
[Black "Anand, Viswanathan"]
[Result "1/2-1/2"]
[WhiteElo "2727"]
[BlackElo "2791"]
[Annotator "Ftacnik,L"]
[PlyCount "126"]
[EventDate "2012.05.30"]
[EventType "match (rapid)"]
[EventRounds "4"]
[EventCountry "RUS"]
[SourceTitle "CBM 149"]
[Source "ChessBase"]
[SourceDate "2012.07.17"]
[SourceVersion "1"]
[SourceVersionDate "2012.07.17"]
[SourceQuality "1"]

1. d4 d5 2. c4 c6 3. Nf3 Nf6 4. e3 Bf5 5. Nc3 e6 6. Nh4 Bg6 7. Nxg6 hxg6 8. Bd3
Nbd7 9. O-O Bd6 {White is playing a peaceful line with the advantage of the
potential of the bishop pair It does not offer much, but even some plus is
much appreciated at the time of "near perfect" opening preparation.} (9... Be7
10. Bd2 a6 11. a4 dxc4 12. Bxc4 c5 13. Be2 Qc7 14. g3 Rd8 15. Rc1 Nb8 16. Bf3
Nc6 17. Ne2 Qd7 18. Qb3 e5 19. Bg2 cxd4 20. exd4 O-O $11 {1/2 (35) Buhmann,R 
(2606)-Ipatov,A (2591) Germany 2011}) 10. h3 {There is some merit also in the
alternative defence with 10.g3.} (10. g3 O-O (10... Qe7 11. e4 dxe4 12. Nxe4
Nxe4 13. Bxe4 O-O 14. Bg2 Rfd8 15. Qb3 Rab8 16. h4 Nf6 17. Bg5 Bc7 18. Rad1 Bb6
19. Bf4 Bc7 20. Bg5 Bb6 {1/2 (20) Varga,Z (2473)-Ilincic,Z (2479) Budapest 2009
}) 11. a3 Re8 12. c5 Bc7 13. f4 Nh7 14. b4 a6 15. a4 f5 16. Bd2 Nhf6 17. b5
axb5 18. axb5 Rxa1 19. Qxa1 Nxc5 20. dxc5 d4 21. Bc4 dxc3 22. Bxc3 $14 {
1-0 (34) Tregubov,P (2556)-Marcelin,C (2441) Clichy 2006}) 10... O-O {Anand
was happy with the prospect of near equality and chose the most simple line.
Alternatives are toying with opening of the centre 10...dxc4 or the
preparatory queen move 10...Qe7.} (10... dxc4 11. Bxc4 Nb6 (11... O-O 12. Qc2
Qe7 13. Rd1 Rac8 14. Bd2 Nb6 (14... c5 15. dxc5 Rxc5 16. Be2 a6 17. Rac1 e5 18.
e4 Rc6 19. Bg5 Rfc8 20. Bg4 $14 {1/2 (68) Likavsky,T (2486)-Rogic,D (2571)
Austria 2012}) 15. Bf1 e5 16. dxe5 Bxe5 17. Rac1 Rcd8 18. Be1 Rxd1 19. Rxd1 Rd8
20. Rxd8+ Qxd8 $11 {1-0 (52) Carlsen,M (2835)-Gelfand,B (2739) Wijk aan Zee
2012}) 12. Bb3 e5 13. Qc2 Qe7 14. Bd2 O-O-O 15. d5 e4 16. dxc6 Qe5 17. f4 exf3
18. Rxf3 Ng4 19. cxb7+ Kb8 20. hxg4 Rh1+ 21. Kf2 Rxa1 22. Ne2 $11 {1-0 (38)
Carlsen,M (2826)-Gelfand,B (2744) Moscow 2011}) (10... Qe7 11. Re1 (11. c5 Bc7
12. f4 Ng8 (12... Nh5 13. Ne2 f5 14. Bd2 Nhf6 15. b4 a6 16. a4 g5 17. fxg5 Nh7
18. h4 Nxg5 19. hxg5 Qxg5 20. Nf4 Nf6 21. Rf3 $16 {1-0 (32) Movsesian,S (2702)
-Motylev,A (2683) Sochi 2012}) 13. b4 a6 14. e4 dxe4 15. Nxe4 Ndf6 16. Ng5 Qd7
17. Bc4 Ne7 18. Be3 Nf5 19. Qd3 Rd8 20. Rad1 Nd5 21. Bxd5 Qxd5 $11 {0-1 (63)
Sargissian,G (2683)-Brunello,S (2581) Caleta 2012}) (11. Bd2 dxc4 12. Bxc4 e5
13. Qc2 Bc7 14. d5 e4 15. dxc6 bxc6 16. Ne2 g5 17. Ng3 g4 18. Be2 Rb8 19. hxg4
Qe5 20. Qxc6 $16 {1-0 (41) Gustafsson,J (2643)-Zhu Chen (2472) Caleta 2012})
11... O-O 12. Bd2 Rad8 13. c5 Bb8 14. f4 Nh5 15. Qf3 f5 16. Re2 Nhf6 17. Qg3
Kf7 18. Rf2 $14 {0-1 (70) Santos,L (2370)-Antunes,A (2510) Portugal 1997}) (
10... a6 11. Re1 dxc4 12. Bxc4 c5 13. dxc5 Nxc5 14. Bf1 O-O 15. b3 Be5 16. Bb2
Nce4 17. Nxe4 Bxb2 18. Qxd8 Rfxd8 19. Nxf6+ Bxf6 20. Rad1 b5 $11 {1/2 (20)
Lupulescu,C (2655)-Kempinski,R (2604) Germany 2012}) 11. Qc2 Qe7 (11... e5 12.
Qb3 (12. cxd5 cxd5 13. Qb3 e4 14. Be2 Nb6 15. a4 a5 16. Bd2 $14) 12... exd4 13.
exd4 dxc4 14. Qxc4 Nb6 15. Qb3 Bc7 16. Bxg6 Qxd4 17. Ne2 Qh4 18. Ng3 Rad8 19.
a4 Nbd5 20. Bb1 Rfe8 $11 {1/2 (50) Aleksandrov,A (2606)-Deviatkin,A (2577)
Mumbai 2012}) 12. Rd1 Rac8 {The defender of the chess crown is banking on
simplicity, since he has already won the second playoff game.} (12... dxc4 $5
13. Bxc4 Rfd8 14. Bd2 Nb6 15. Bb3 Rac8 $11) 13. c5 Bb8 14. f4 Ne8 {The
ambitious pawn grip calls for immediate action. Black will need to organise
counterplay on the kingside.} (14... Nh5 15. Qf2 b6 16. b4 $14) 15. Rb1 (15.
Qf2 a5 16. a3 b5 17. b4 a4 18. Ra2 $14) 15... g5 16. b4 f5 $6 {Anand has
played the game rather nervously and several of his choices could be
criticised. The more concrete pressure against the f4-pawn might have been
better.} (16... gxf4 17. exf4 Qh4 18. Rf1 b5 19. a4 a6 20. Be3 $14) 17. b5 $1
gxf4 18. exf4 $6 {Gelfand was playing his potentially last game of the match
with the white pieces. His nerves must have been stretched to the utmost.
Under more relaxed circumstances he would probably have realised the strength
of the intermediate swap on the c6-square.} (18. bxc6 $1 bxc6 19. Ba6 Rd8 20.
exf4 Nef6 21. Rf1 $16) 18... Nef6 $2 {The knight move is definitely a second
rate move. Black had to fight against White's initiative on the queenside
preferably with the timely exchange of the b5-pawn.} (18... cxb5 $5 19. Rxb5
Ndf6 20. Qb3 b6 $11) 19. bxc6 $1 bxc6 20. Ba6 Rc7 21. Be3 Ne4 22. Rb2 g5 $6 {
Anand has not played the transposition into the middlegame with confidence.
His attempt to complicate matters on the kingside smacks of desperation.} (
22... Re8 23. Rdb1 Qf6 24. Nxe4 fxe4 25. Rb3 $16) 23. Rdb1 (23. Nxe4 $1 fxe4
24. fxg5 e5 25. Qd2 exd4 26. Qxd4 $18) 23... gxf4 24. Bxf4 e5 {Both great
players must have operated under some delusion or they simply could not
perform on their usual level. Anand is rushing the conflict towards a
completely hopeless position.} (24... Rcc8 25. Bh6 Rcd8 26. Nxe4 fxe4 27. Bxf8
Rxf8 28. Rb7 Qg7 29. Qd1 $16) 25. Bxe5 (25. Nxe4 $5 exf4 26. Nd6 Qf6 27. Qf2
$18) 25... Nxe5 26. Rxb8 $2 {Gelfand must have wondered after the match what
prevented him from cashing in on his excellent play with the help of the
simple exchange on e4.} (26. Nxe4 $1 Nc4 (26... fxe4 27. dxe5 Qxe5 28. Rxb8 $18
) 27. Bxc4 fxe4 28. Ba6 Qf6 29. Rxb8 Qxd4+ 30. Kh1 $18) 26... Ng6 27. Nxe4 fxe4
(27... dxe4 $6 28. R8b7 $16) 28. Qf2 {A truly tragic picture for the
challenger, the lion's share of his huge advantage is gone.} Qg7 29. Kh2 (29.
Be2 Rcf7 30. Qe3 Nf4 31. Bg4 $14) 29... Rcf7 30. Qg3 Nf4 31. R8b3 {Objectively
speaking Black is already enjoying very good chances to draw the game.} (31.
Rxf8+ Rxf8 (31... Kxf8 $2 32. Rb8+ Ke7 33. Qxg7 Rxg7 34. Rb7+ Kf6 35. Rxg7 Kxg7
36. Bb7 e3 37. Kg3 Kf6 38. Kf3 e2 39. Kf2 Ke6 40. Bxc6 Nxg2 41. Kxe2 Nf4+ 42.
Ke3 Nxh3 43. Bb7 $16) 32. Qxg7+ Kxg7 33. Rb7+ Kg6 (33... Rf7 34. Rxf7+ Kxf7 35.
Bb7 Ke6 36. Bxc6 e3 37. Kg1 Ne2+ 38. Kf1 Nxd4 39. Be8 $16) 34. Rc7 Rf6 35. Rxa7
Ne6 $11) 31... Qxg3+ 32. Rxg3+ Kh7 33. Rd1 (33. Kg1 Ne6 34. Rd1 Kh6 $11) 33...
Ne6 34. Be2 Rf2 {Anand must have been very happy about the turn of events. His
chances to defend the position are very real.} 35. Bg4 Nf4 36. Rb1 Rf7 37. Rb8
Rxa2 (37... e3 38. Re8 (38. Rxe3 Rxg2+ 39. Kh1 Rxa2 $11) 38... e2 39. Rf3 Rxg2+
40. Kh1 e1=Q+ 41. Rxe1 Rd2 42. Re6 Rxd4 43. Rf2 $14) 38. Rc8 e3 {This clever
counterplay is necessary as Black must compensate for the opponent's
increasing activity.} (38... Rf6 39. Rd8 Rf7 40. Rd6 e3 41. Rxe3 Rxg2+ 42. Kh1
Rd2 43. Rxc6 Rxd4 44. Rd6 $14) 39. Rxe3 Rxg2+ 40. Kh1 Rd2 41. Rxc6 Ne6 $1 {
The defender of the throne is playing to his usual standard again. His feeling
correctly told him to exchange the rooks and simplify the position.} (41...
Rxd4 42. Rd6 Kg7 43. c6 $14) 42. Rf3 (42. Kg1 Nxd4 43. Rd6 Rg7 $1 44. Re8 (44.
Rd8 a5 $11) 44... Rxg4+ 45. hxg4 Nf3+ 46. Kf1 Nh2+ $11) 42... Rxf3 43. Bxf3
Nxd4 44. Rc7+ Kh6 {The king might have done a better job on the g6-square, but
the position remains fine.} (44... Kg6 45. Bxd5 Kf5 46. c6 Rc2 47. Rxa7 Nxc6
$11) 45. Bxd5 Rc2 46. Be4 Rc3 47. Kh2 Kg5 48. Rd7 Nf3+ $6 {[%mdl 4096] A small,
but significant step in the wrong direction. Black could have virtually forced
a draw with the precise knight move to e6.} (48... Ne6 $1 49. c6 a5 50. Rd3 Rc4
51. Bd5 Rc2+ 52. Kg3 Nf4 $11) 49. Bxf3 (49. Kg2 Nh4+ 50. Kf2 Rxc5 $11) 49...
Rxf3 50. Rxa7 {Objectively stronger must have been to transfer the rook to g3.}
(50. Rg7+ Kh5 51. Rg3 $1 Rf7 52. Ra3 Kg5 53. Kg3 Rg7 54. h4+ $14) 50... Rc3 51.
Rc7 (51. Rg7+ Kf4 52. Rg4+ Kf5 $11) 51... Kf5 $2 {Both stars are obviously
tired after the difficult match. Anand is certainly capable of spotting the
stalemate idea after 41...Kh4!, but conditions are extreme.} (51... Kh4 $1 52.
Kg2 Rxc5 $11) 52. c6 (52. Rc8 Rc2+ (52... Ke6 53. c6 Rc4 54. Kg3 $18) 53. Kg3
Rc3+ 54. Kh4 Ke6 55. Rc7 Kf5 56. Rc6 Re3 57. Rc8 Rc3 58. c6 Ke6 59. Kg4 $18)
52... Ke6 53. h4 Kd6 54. Rc8 Ra3 55. Kg2 Re3 56. Kh2 (56. h5 Re5 57. h6 Rh5 58.
Rh8 $18) 56... Ra3 57. Kg2 Re3 58. h5 Re5 (58... Re7 59. Kf3 Re1 60. Kf4 $18)
59. h6 Rh5 60. Rh8 Kxc6 61. Rh7 $4 {If you need living proof of the maxim
"Chess is a tragedy of a single tempo" look no further. Gelfand managed to
improve his position to the winning rook endgame, but sheer nervousness has
lured him into losing a precious tempo with this absurd move.} (61. h7 $2 Kb7
62. Kg3 Rh1 $11) (61. Kg3 $1 Rh1 (61... Kd6 62. h7 Ke7 63. Ra8 $18) 62. Kg4
Rg1+ 63. Kf5 Rf1+ 64. Kg6 Rg1+ 65. Kh7 Kd7 66. Rg8 Rh1 67. Rg6 Ke7 68. Kg7 $18)
61... Kd6 $1 62. Kg3 Ke6 63. Kg4 Rh1 {An extremely exciting game with lots of
content, but also horrible omissions by both players. Gelfand's failure to
realise his huge advantage at least twice in this game has decided the issue
of the chess title.} (63... Rh1 64. Ra7 Kf6 65. h7 Kg6 $11) 1/2-1/2

[Event "World-ch Anand-Gelfand playoff +1-0=3"]
[Site "Moscow"]
[Date "2012.05.30"]
[Round "4"]
[White "Anand, Viswanathan"]
[Black "Gelfand, Boris"]
[Result "1/2-1/2"]
[WhiteElo "2791"]
[BlackElo "2727"]
[Annotator "Marin,M"]
[PlyCount "111"]
[EventDate "2012.05.30"]
[EventType "match (rapid)"]
[EventRounds "4"]
[EventCountry "RUS"]
[SourceTitle "CBM 149"]
[Source "ChessBase"]
[SourceDate "2012.07.17"]
[SourceVersion "1"]
[SourceVersionDate "2012.07.17"]
[SourceQuality "1"]

1. e4 c5 2. Nf3 d6 ({So far, Gelfand had invariably defended with} 2... Nc6 {
, aiming for the Sveshnikov variation, known nowadays for its drawish
tendencies. That was a valid match strategy as long as the score was equal,
but in this last game he desperately needed to win. Hence, a proposal of
playing the sharper Najdorf variation!}) 3. Bb5+ {Of course. Anand had allowed
the open Sicilian only once in this match!} Nd7 {This way, Black hopes to get
the bishops pair without spoiling his structure, as this had happened
previously in the match.} 4. d4 Ngf6 {The most principled continuation, aiming
to provoke Nb1-c3 before capturing on d4, in order to block the c2-pawn.} (4...
a6 5. Bxd7+ Bxd7 6. dxc5 dxc5 7. Nc3 e6 8. Bf4 {Jones,G (2578)-Bologan,V (2671)
/Aix-les-Bains 2011/CBM 142/[Jones,G] (1-0, 34)}) (4... cxd4 5. Qxd4 a6 6.
Bxd7+ Bxd7 7. c4 {Tiviakov,S (2673)-Anand,V (2799)/Germany 2012/CBM 148/
[Tiviakov] (1-0, 50)}) 5. e5 $5 {An active move, but the ulteriour course of
the game suggests that Anand played it with the secret hope of exchanging as
many pieces as possible!} ({Previously he had tried} 5. Nc3 cxd4 6. Qxd4 e5 7.
Qd3 h6 8. Be3 a6 9. Bc4 b5 10. Bb3 Be7 $5 (10... Bb7 {is the main move, for
instance:} 11. a4 Qa5 12. Nd2 Be7 13. O-O b4 14. Nd5 Bxd5 15. exd5 O-O 16. Nc4
Qxd5 {1/2 Peng Xiaomin (2657)-Bologan,V (2641)/Beijing 2000/CBM 078}) 11. a4 b4
12. Nd5 Bb7 13. Nd2 Nxd5 14. Bxd5 Bxd5 15. Qxd5 O-O 16. Nc4 Rc8 17. O-O Nf6 18.
Qd3 d5 $36 {(1-0, 37) Anand,V (2817)-Sasikiran,K (2689)/Bastia 2011/EXT 2012})
(5. O-O $5 {is an ambitious alternative, which Anand may have considered under
a different match situation.} cxd4 (5... Nxe4 6. Re1 Nef6 7. dxc5 dxc5 8. Ng5
e6 9. Bc4 Be7 10. Bxe6 O-O 11. Qe2 $36 {Jones,G (2578)-Shirazi,K (2403)
Aix-les-Bains 2011 (1-0, 39)}) 6. Qxd4 a6 (6... g6 7. e5 dxe5 8. Nxe5 Bg7 9.
Rd1 {Bologan,V (2669)-Suba,M (2516)/Sanxenxo 2004/CBM 105/[Psakhis] (1-0, 51)})
7. Bxd7+ Bxd7 8. Bg5 {Ovetchkin,R (2475)-Paragua,M (2529)/Alushta 2004/CBM 103/
[Atlas,V] (0-1, 80)}) 5... Qa5+ {This is quite popular, but I get the feeling
that Black develops his queen too soon.} (5... cxd4 {looks safer:} 6. Qxd4 dxe5
7. Nxe5 a6 8. Bxd7+ Nxd7 $11 {Barle,J (2430)-Kozul,Z (2580)/Bled 1996/CBM 051
ext (1/2, 62)}) 6. Nc3 Ne4 7. Bd2 $6 {This offers Black an easy game.} (7. O-O
$6 Nxc3 8. Bxd7+ Bxd7 9. bxc3 d5 10. c4 cxd4 11. Ng5 h6 12. e6 hxg5 13. exd7+
Kxd7 14. Bxg5 $6 Qc7 $15 {(1-0, 31) Szieberth,A (2334)-Popov,V (2534)/Cappelle
la Grande 2000/CBM 074 ext}) (7. a4 $6 Nxc3 8. bxc3 a6 9. Bxd7+ Bxd7 10. exd6
e6 11. O-O Bxd6 $15 {Marciano,D (2495)-Marin,M (2545)/Ubeda 1996/CBM 051 ext 
(0-1, 44)}) ({The critical continuation is the rare} 7. Rb1 $1 {indirectly
defending the bishop and inviting Black to weaken his position.} a6 (7... Nxc3
8. bxc3 Qxc3+ 9. Bd2 Qa3 10. exd6 {is way too dangerous for Black.}) 8. O-O (8.
Bxd7+ $5 Bxd7 9. O-O $32) 8... Nxc3 (8... d5 $2 9. Bxd7+ Bxd7 10. Nxd5 $16 {
Chernov,V (2433)-Fressinet,L (2658)/Heidelberg 2010 (0-1, 96)}) 9. Bxd7+ Bxd7
10. bxc3 {The rook move proves useful now.} e6 11. Bf4 d5 12. Rxb7 Bc6 13. Qb1
$1 $36 {Chernov,V (2504)-Mutschnik,I (2449)/Germany 2008/EXT 2009 (1/2, 40)})
7... Nxc3 (7... Nxd2 $2 {would help White to develop:} 8. Qxd2 e6 9. exd6 Bxd6
10. O-O-O $16 {Browne,W (2530)-Levy,D (2350)/Skopje 1972/EXT 2000 (1-0, 22)})
8. Bxd7+ Bxd7 9. Bxc3 Qa6 $15 {Black has a comfortable position. White cannot
castle and the space advantage is not easy to maintain. In the long run, the
light-squared bishop will cause White lots of troubles.} 10. exd6 {Other moves
do not change the character of the position dramatically.} (10. d5 Qc4 11. Qd2
(11. exd6 exd6 12. Qe2+ Qxe2+ 13. Kxe2 f6 14. b3 Kf7 15. a4 Bf5 $15 {Arencibia,
W (2534)-Zhang Zhong (2607)/Linares 2001/CBM 081 (0-1, 51)}) 11... Qe4+ 12. Kf1
Bh3 13. Qd1 Bg4 14. exd6 O-O-O $36 {Arkhipov,S (2515)-Lau,R (2530)/Lippstadt
1993/EXT 1998 (1/2, 51)}) (10. Qd2 f6 11. exd6 exd6 12. a3 Be7 13. O-O-O O-O-O
14. Rhe1 Rhe8 15. d5 Qc4 $15 {Gomez Lopez,R (2218)-Suba,M (2509) Mondariz 1999
(0-1, 27)}) 10... exd6 11. Qe2+ {More exchanges.} Qxe2+ 12. Kxe2 f6 {Not a
very spectacular move, but quite an effective one. Black restricts the enemy
minor pieces and prepares an optimal square for the king on f7. The relative
weakness of the e6-square is not relevant, since White has no light-squared
bishop left.} 13. b3 $146 {Probably an over-the-board novelty. Anand could not
have planned to play this position in advance.} ({In the following two games,
Black managed to reach the famous Steinitz endings, with two bishops against a
knight and a bishop, with symmetrical pawn structure, 3P vs 3P on each side.} 
13. Rhe1 Kf7 14. Rad1 (14. Kf1 Be7 15. Rad1 Rhe8 16. dxc5 Bb5+ 17. Kg1 dxc5 $17
{Sion Castro,M (2384)-Vera,R (2440)/Ciudad Real 2004/CBM 102 ext (1/2, 47)})
14... Re8+ 15. Kd2 Rxe1 16. Kxe1 Bf5 17. dxc5 dxc5 18. Rd8 Rg8 19. Kd1 Be7 20.
Rxg8 Kxg8 $17 {Mantovani,R (2377)-Gallagher,J (2519)/Mendrisio 1999/EXT 2000 
(0-1, 39)}) 13... Bb5+ {I am not sure whether this was necessary.} ({The king
was exposed on e2, so why not} 13... Kf7 $5) 14. Kd2 Bc6 15. Rad1 Kf7 ({
13...Bb5+ would have made sense if Black had continued with} 15... Bxf3 {
, but this would make White's defence easier.}) 16. Kc1 Be7 17. d5 {White has
managed to gain space, but this does not spoil Black's coordination. Besides,
the white chain on light squares may become vulnerable.} Bd7 18. Bb2 b5 19. Nd2
a5 20. Rhe1 Rhe8 21. Re3 f5 $6 {This looks strategically wrong, or at least
inconsequent with the 12th move. Black should have kept the kingside structure
intact, maintaining the possibility of a further expansion with ...g7-g5.} (
21... Bf8 22. Rde1 Rxe3 23. Rxe3 a4 $15) (21... a4 $5 $15) 22. Rde1 g5 23. c4
b4 24. g3 Bf8 25. Rxe8 Bxe8 $6 {If things had been under control on the
kingside, this would have been the correct decision. In endings with an
advantage and only one open file, the active side is adviced to exchange only
one rook, in order to avoid the opponent's counterplay while keeping active
possibilities for himself. Here, the situation is a bit different, since the
kingside has been weakened and the e1-rook can cause some troubles.} (25...
Rxe8 $15) 26. Nf3 Kg6 {Heading for h3-g2. This plan looks dangerous, but Anand
will find some unexpected saving tactics.} 27. Re6+ Kh5 28. h3 Bf7 29. Rf6 Bg6
30. Re6 Re8 $6 {Black creates a tension which he is not really prepared for.} (
30... a4 $5) 31. Bf6 g4 32. hxg4+ Kxg4 33. Nh2+ Kh3 34. Nf3 f4 (34... Kg2 $2 {
loses to} 35. Nh4+ Kxf2 36. Nxg6 Rxe6 37. dxe6 hxg6 38. e7 $18) (34... Bh6+ 35.
Kb2 f4 36. Rxe8 Bxe8 37. Ng5+ Kg4 38. gxf4 Kxf4 39. Ne6+ Kf3 40. Be7 {is at
least not worse for White.}) 35. gxf4 Kg4 36. Ng5 Ra8 37. Re3 Kf5 (37... Kxf4
$2 {unexpectedly loses:} 38. Ne6+ Kf5 39. Rf3+ Kg4 (39... Ke4 $6 40. Ng5#) 40.
Rf4+ Kh3 (40... Kh5 $6 41. Rh4#) 41. Bg5 $18 {[%csl Gf8] A strong quiet move,
winning the bishop.}) 38. Bb2 a4 39. Ne6 {Finally reaching this square with
the knight and absolute overall stability.} Bh6 40. Rh3 Bxf4+ 41. Nxf4 Kxf4 42.
Bf6 {White has little troubles reaching a draw now.} Ra7 43. Re3 Be4 44. Bh4
axb3 45. Bg3+ Kf5 46. axb3 Ra1+ 47. Kd2 Ra2+ 48. Ke1 Ra6 49. f3 Bb1 50. Kd2 h5
51. Kc1 h4 52. Bxh4 Kf4 53. Bg5+ Kxg5 54. Kxb1 Kf4 55. Re6 Kxf3 56. Kb2 1/2-1/2